| 000 | 01265nam0a2200313 4500 | ||
|---|---|---|---|
| 001 | RU\NLR\bibl\1415699 | ||
| 005 | 20260405075540.0 | ||
| 010 |
_a978-5-98955-050-0 _9500 |
||
| 021 |
_aRU _b2009-80741 _95065 |
||
| 035 | _a(NLR Aleph) 001407665 | ||
| 090 |
_a1262335 _c1262335 |
||
| 100 | _a20090923d2009 |||y0rusy50 ca | ||
| 101 | 0 | _arus | |
| 102 | _aRU | ||
| 105 | _ay ||||||||| | ||
| 200 | 1 |
_aИстория атомного проекта на Урале _eочерки и статьи _fВ.Н. Кузнецов _gАкад. воен.-ист. наук, Урал. отд-ние |
|
| 210 |
_aЕкатеринбург _cАвтограф _d2009 |
||
| 215 |
_a292, [1] с. _d21 |
||
| 320 | _aБиблиогр.: с. 284-286 и в примеч.: с.271-280 | ||
| 606 | 1 |
_aЯдерное оружие советское _xПроизводство _xИстория _yУрал _92585957 _3RU\NLR\auth\661528468 |
|
| 686 | _aЦ901-8(2Р36) | ||
| 700 | 1 |
_4070 _8rus _7ca _aКузнецов _bВ. Н. _f1959 - _cканд. ист. наук _gВиктор Николаевич _3RU\NLR\AUTH\7727049 _910086 |
|
| 801 | 0 |
_aRU _bNLR _c20090923 _gRCR |
|
| 801 | 1 |
_aRU _bNLR _c20090923 |
|
| 830 | _aавт. по кн. | ||
| 942 | _cBOOK | ||
| 980 | _aNB | ||